MORPHOLOGY (Record no. 2321)

MARC details
000 -LEADER
fixed length control field 00367nam a22001697a 4500
003 - CONTROL NUMBER IDENTIFIER
control field OSt
005 - DATE AND TIME OF LATEST TRANSACTION
control field 20210907101905.0
008 - FIXED-LENGTH DATA ELEMENTS--GENERAL INFORMATION
fixed length control field 210907b |||||||| |||| 00| 0 eng d
020 ## - INTERNATIONAL STANDARD BOOK NUMBER
International Standard Book Number 8171419801
040 ## - CATALOGING SOURCE
Transcribing agency HU
050 ## - LIBRARY OF CONGRESS CALL NUMBER
Classification number 571.63329/MIS
100 ## - MAIN ENTRY--PERSONAL NAME
Personal name 201
9 (RLIN) 1916
245 ## - TITLE STATEMENT
Title MORPHOLOGY
260 ## - PUBLICATION, DISTRIBUTION, ETC.
Place of publication, distribution, etc. DISCOVERY
Name of publisher, distributor, etc. NEW DELHI
300 ## - PHYSICAL DESCRIPTION
Extent 201
942 ## - ADDED ENTRY ELEMENTS (KOHA)
Source of classification or shelving scheme Dewey Decimal Classification
Koha item type Books like text book referance book
Suppress in OPAC No
Holdings
Withdrawn status Lost status Source of classification or shelving scheme Damaged status Not for loan Home library Current library Shelving location Date acquired Total Checkouts Full call number Barcode Date last seen Copy number Price effective from Koha item type
    Dewey Decimal Classification     Natural & Computational Science Library Natural & Computational Science Library General Stacks 09/07/2021   571.63329/MIS NSCLIB00006282 09/07/2021 1 09/07/2021 Books like text book referance book